000 00532nam a2200193Ia 4500
003 GCL
008 140319s9999 xx 000 0 ara d
040 _aGCL /
_cGCL
082 0 4 _aط
_b813.2
_bد ح
100 1 _aدار الشروق
245 1 0 _aالتنين الضخم /
_cدار الشروق
260 _a[S.N] :
_bدار الشروق ،
_c1979
300 _a29 ص
490 _aحكايات
_v0
650 0 4 _aالاطفال
650 0 4 _aقصص الاطفال
650 0 4 _aالقصص الخرافية
942 _2ddc
_cBK
999 _c57194
_d57194